000 01475nam a2200337 a 4500
001 000020382
003 DO-SdBNP
005 20180314083724.0
007 000020382
008 150130s2012 dr ac 000 0 spa d
020 _a9789945116359
040 _aBPMSU
_bspa
_cBPMSU
092 _a372.7
_bS237m, 6to
100 1 _aSantos, Altagracia
245 1 0 _aMatemáticas 6 :
_beducación básica /
_cAltagracia Santos; Andrés Molina Moloon
260 _aSanto Domingo :
_bSantillana,
_c2012
300 _axiii, 191p. :
_bil., retrs.
_c30 cm. +
_eCD-ROM
490 1 _aInnova
505 0 _tOperaciones aritmética --
_tFracciones --
_tNúmeros decimales --
_tOperaciones con decimales --
_tPotencias y raíz cuadrada --
_tPorcentajes--
_tNúmeros racionales --
_tRazones y proporciones --
_tPolígonos --
_tContrucciones geometricas --
_tMediciones --
_tEstadística y probabilidades
650 4 _aMATEMÁTICAS
_xENSEÑANZA BÁSICA
650 4 _aMATEMÁTICAS
_xENSEÑANZA ELEMENTAL
650 4 _aEDUCACIÓN PRIMARIA
_zREPÚBLICA DOMINICANA
650 4 _aMATEMÁTICAS
_xLIBROS DE TEXTOS
650 4 _aMATEMÁTICAS
_xESTUDIO Y EJERCICIOS
700 _aMolina Moloon, Andrés
830 0 _aInnova
910 _aValidado. Control de calidad MFF
942 _2ddc
_cBK
945 _aRemanejado para BNPHU / 2018 BT
956 _aVMATEO
_b10
_c20150707
_lBPMSU
_h00151
999 _c9465
_d9465